000 00879nam a22002177a 4500
999 _c12334
_d12334
003 AR-CdUCM
008 190408b ||||| |||| 00| 0 spa d
040 _aMUNICIPALIDAD PROVINCIAL DEL CUSCO
_cBIBLIOTECA MUNICIPAL DEL CUSCO
082 _aC / 370.985 /
_bV32
100 _aVargas Ugarte, Ruben
_93119
245 _aHistoria del colegio y universidad de San Ignacio de Layola de la ciudad del Cuzco /
260 _aLima :
_bStudium,
_c1984.
300 _a219 páginas ;
_c21 cm.
440 _aBiblioteca Hitórica peruana
_nTomo VI
_930147
505 _aDescripción del cuzco cabeza del Perú -- Entrada de la campaña en el Cuzco -- Principio de los procesos del colegio del Cuzco...
650 _aCusco.
_9772
650 _aUniversidad San Ignacio de Loyola.
_930148
650 _aColegio San Ignacio de Loyola.
_930149
942 _2ddc
_cLIBROS
945 _awfj
_d2019-04-08